Asian Countries By Highest Percentage Of Land - Statistics

General Stats
  • This quiz has been taken 39 times
  • The average score is 10 of 10
Answer Stats
Percentage Country % Correct
21.5% China
100%
7.4% India
100%
4.8% Saudi Arabia
100%
3.3% Indonesia
97%
3.7% Iran
97%
5.8% Kazakhstan
97%
3.5% Mongolia
97%
29.3% Russia
97%
2.0% Pakistan
95%
1.7% Turkey
95%
No matching quizzes found
Score Distribution
Percent of People with Each Score
Percentile by Number Answered
Your Score History
You have not taken this quiz